00000000nam##2200000za#4500
0019.646296
003CaOODSP
00520200330062356
007ta
008150407|1981||||xxc|||||     f|0| 0 eng|d
020 |a0-660-10945-X
040 |aCaOODSP|beng
043 |an-cn---
0861 |aH46-2/80-65E
1101 |aCanada.|bHealth Canada. |bEnvironmental Health Directorate.
24510|aSafety code 20A: x-ray equipment in medical diagnosis part a: recommended safety procedures for installation and use
260 |aOttawa - Ontario : |bHealth Canada. |c©1981, reprinted 1992, 1996.
300 |a101p. : |breferences, tables ; |c22 cm.
500 |a"This document is one of a series of Safety Codes prepared by the Radiation Protection Bureau to set out requirements for the safe use of radiation emitting devices. Included in this Code are sections for the specific guidance of the radiologist, the physician, the operator and the medical or health physicist concerned with safety procedures, equipment performance and protection surveys. The safety procedures, equipment and installation guidelines detailed in this Code are primarily for the instruction and guidance of persons employed in Federal Public Service Department and Agencies, as well as those coming under the jurisdiction of the Canada Labour Code."--Explanatory notes.
5203 |aThis document is one of a series of Safety Codes prepared by the Radiation Protection Bureau to set out requirements for the safe use of radiation emitting devices. Included in this Code are sections for the specific guidance of the radiologist, the physician, the operator and the medical or health physicist concerned with safety procedures, equipment performance and protection surveys. The safety procedures, equipment and installation guidelines detailed in this Code are primarily for the instruction and guidance of persons employed in Federal Public Service Department and Agencies, as well as those coming under the jurisdiction of the Canada Labour Code.--Explanatory notes
563 |aSoftcover
590 |a96-31|b1996-08-02
69007|aRadiation|2gcpds
77508|tCode de sécurité 20A: les appareils radiographiques en diagnostic médical partie a: techniques de sécurité recommandées pour l'installation et l'utilisation |w(CaOODSP)9.679858
986 |a80-EHD-65